Catálogo de la Biblioteca Horacio González - Universidad Nacional de General Sarmiento

La otra Alfonsina (Registro nro. 11171)

Detalles MARC
000 -CABECERA
campo de control de longitud fija 00828nam a22003250a 4500
001 - NÚMERO DE CONTROL
campo de control PT54760
003 - IDENTIFICADOR DEL NÚMERO DE CONTROL
campo de control AR-LpoUNG
005 - FECHA Y HORA DE LA ÚLTIMA TRANSACCIÓN
campo de control 20210131231635.0
008 - DATOS DE LONGITUD FIJA--INFORMACIÓN GENERAL
campo de control de longitud fija 191001s2002||||ag |||||||||||||||||spa d
020 ## - NÚMERO INTERNACIONAL ESTÁNDAR DEL LIBRO
Número Internacional Estándar del Libro 9505117825
Condiciones de disponibilidad $
040 ## - FUENTE DE LA CATALOGACIÓN
Centro catalogador/agencia de origen AR-LpoUNG
Lengua de catalogación spa
Centro/agencia transcriptor AR-LpoUNG
Normas de descripción aacr
041 ## - CÓDIGO DE LENGUA
Código de lengua del texto/banda sonora o título independiente spa
044 ## - CÓDIGO DEL PAÍS DE LA ENTIDAD EDITORA/PRODUCTORA
Código MARC del país ag
082 0# - NÚMERO DE LA CLASIFICACIÓN DECIMAL DEWEY
Número de clasificación A863 146alf
100 1# - ENTRADA PRINCIPAL--NOMBRE DE PERSONA
Nombre de persona Galán, Ana Silvia
245 13 - MENCIÓN DE TÍTULO
Título La otra Alfonsina
250 ## - MENCIÓN DE EDICIÓN
Mención de edición 1ra. ed.
260 ## - PUBLICACIÓN, DISTRIBUCIÓN, ETC.
Lugar de publicación, distribución, etc. Buenos Aires :
Nombre del editor, distribuidor, etc. Aguilar,
Fecha de publicación, distribución, etc. 2002.
300 ## - DESCRIPCIÓN FÍSICA
Extensión 391 p. :
Otras características físicas fot.
650 #4 - PUNTO DE ACCESO ADICIONAL DE MATERIA--TÉRMINO DE MATERIA
Término de materia o nombre geográfico como elemento de entrada APRECIACION LITERARIA
650 #4 - PUNTO DE ACCESO ADICIONAL DE MATERIA--TÉRMINO DE MATERIA
Término de materia o nombre geográfico como elemento de entrada ARGENTINA
650 #4 - PUNTO DE ACCESO ADICIONAL DE MATERIA--TÉRMINO DE MATERIA
Término de materia o nombre geográfico como elemento de entrada INFLUENCIA LITERARIA
650 #4 - PUNTO DE ACCESO ADICIONAL DE MATERIA--TÉRMINO DE MATERIA
Término de materia o nombre geográfico como elemento de entrada LITERATURA
651 #4 - PUNTO DE ACCESO ADICIONAL DE MATERIA--NOMBRE GEOGRÁFICO
Nombre geográfico DOCUMENTOS TEORICOS O METODOLOGICOS
653 ## - TÉRMINO DE INDIZACIÓN--NO CONTROLADO
Término no controlado LITERATURA ARGENTINA
653 ## - TÉRMINO DE INDIZACIÓN--NO CONTROLADO
Término no controlado STORNI, ALFONSINA
700 1# - PUNTO DE ACCESO ADICIONAL--NOMBRE DE PERSONA
Nombre de persona Gliemmo, Graciela
905 ## - ELEMENTOS DE DATOS E LOCAL, LDE (RLIN)
a 54760
942 ## - ELEMENTOS DE PUNTO DE ACCESO ADICIONAL (KOHA)
Tipo de ítem Koha Libro
Existencias
Estado de retiro Estado de pérdida Estado dañado No para préstamo Código de colección Localización permanente Ubicación/localización actual Fecha de adquisición Total de préstamos Renovaciones totales Signatura topográfica completa Código de barras Fecha visto por última vez Fecha del último préstamo Precio válido a partir de Tipo de ítem Koha
        Colección General Biblioteca Universidad Nacional de General Sarmiento Biblioteca Universidad Nacional de General Sarmiento 31/01/2021 6 3 A863 146alf 00059558 23/02/2026 02/12/2025 31/01/2021 Libro